Т. 5.; Экономическая история
| Parent link: | Экономическая история: указатель советской литературы за 1960 - 1969 гг./ Академия наук СССР, Институт научной информации и Фундаментальной библиотеки по общественным наукам; сост. Г. М. Марковская, М. Н. Пеклер, С. М. Раскина, М. Л. Хаскелис, Е. Я. Шрейбер; под ред. Г. М. Марковской. Т. 5..— : [Б. и.], 1970 - . |
|---|---|
| Summary: | Исключено из фонда НТБ ТПУ |
| Sprog: | russisk |
| Udgivet: |
1970
|
| Format: | MixedMaterials Bog |
| KOHA link: | https://koha.lib.tpu.ru/cgi-bin/koha/opac-detail.pl?biblionumber=96114 |
MARC
| LEADER | 00000nam2a2200000 4500 | ||
|---|---|---|---|
| 001 | 96114 | ||
| 005 | 20231031110356.0 | ||
| 035 | |a (RuTPU)RU\TPU\book\102888 | ||
| 035 | |a RU\TPU\book\102887 | ||
| 090 | |a 96114 | ||
| 100 | |a 20060510d1970 km y0rusy50 ca | ||
| 101 | 0 | |a rus | |
| 102 | |a RU | ||
| 105 | |a y a 000zy | ||
| 200 | 0 | |a Т. 5. | |
| 210 | |d 1970 | ||
| 215 | |a 117 с. | ||
| 333 | |a Исключено из фонда НТБ ТПУ | ||
| 461 | 1 | |0 (RuTPU)RU\TPU\book\102878 |t Экономическая история |o указатель советской литературы за 1960 - 1969 гг. |o в 5 т. |f Академия наук СССР, Институт научной информации и Фундаментальной библиотеки по общественным наукам; сост. Г. М. Марковская, М. Н. Пеклер, С. М. Раскина, М. Л. Хаскелис, Е. Я. Шрейбер; под ред. Г. М. Марковской |v Т. 5. |n [Б. и.] |d 1970 - . | |
| 801 | 1 | |a RU |b 63413507 |c 20060510 |g PSBO | |
| 801 | 2 | |a RU |b 63413507 |c 20120511 |g PSBO | |
| 942 | |c BK | ||